000 00586nam a2200169Ia 4500
008 090711s9999 xx 000 0 und d
082 _b52934
100 _aभालेराव अनंत
245 _aपळस गेला कोकणा
260 _bदेशमुख आणि कंपनी पब्लिशर्स
_c1984
300 _a107
600 _aभालेराव अनंत
630 _aपळस गेला कोकणा
700 _aभालेराव अनंत
730 _aपळस गेला कोकणा
942 _cBOOK
999 _c331792
_d331792